|
|
|
|
| LEADER |
00000nab a2200000 a 4500 |
| 001 |
vtls000472385 |
| 003 |
SK-MaSNL |
| 005 |
20260305044359.0 |
| 008 |
230223c1992 xo 0 slo |
| 015 |
|
|
|a SNBRB19rr/mm-uuuuu
|
| 035 |
|
|
|a CL0472519
|
| 035 |
|
|
|a urn:nbn:sk:snk-abb9p
|
| 035 |
|
|
|a (urnnbn)urn:nbn:sk:snk:ar-a04y08
|
| 035 |
|
|
|a (uuid)6b8c0cf9-5591-4a85-9038-4dde241d5f34
|
| 040 |
|
|
|a SNKBUCL
|b slo
|c SNKBUCL
|e AACR2
|
| 041 |
0 |
|
|a slo
|
| 044 |
|
|
|a xo
|c SK
|
| 080 |
|
|
|a 372.46
|2 1981
|
| 080 |
|
|
|a 800:372.880
|2 1981
|
| 100 |
1 |
|
|a Balážiková, Katarína,
|d 1942-
|4 aut
|9 89374
|
| 245 |
1 |
0 |
|a O materinskom jazyku v diele J. A. Komenského
|c Katarína Balážiková, Renáta Partlová
|
| 600 |
1 |
7 |
|a Komenský, Jan Amos,
|d 1592-1670
|2 snkbucl
|9 10137
|
| 650 |
0 |
7 |
|a materinský jazyk
|2 snkbucl
|9 1366
|
| 655 |
|
7 |
|a články z novín a časopisov
|2 snkbucl
|9 267496
|
| 700 |
1 |
|
|a Partlová, Renáta
|4 aut
|9 1627614
|
| 773 |
0 |
|
|t Slovenský jazyk a literatúra v škole
|g Roč. 38, č. 8 (1991/1992), s. 364-367
|
| 850 |
|
|
|a Slovenská národná knižnica v Martine
|a MTA001
|
| 852 |
|
|
|a SNK
|b KIS3GCP
|
| 954 |
|
|
|a odborná, vedecká literatúra pôvodná (slovenská)
|2 lita
|
| 958 |
|
|
|a RK
|
| 958 |
|
|
|a OND
|
| 958 |
|
|
|a EUIPO
|
| 958 |
|
|
|a article27
|
| 992 |
|
|
|a RBX
|
| 999 |
|
|
|c 3358291
|d 3360221
|